|
|
|
|
| LEADER |
00000cam a2200000 a 4500 |
| 003 |
Ucuenca |
| 005 |
20231125064141.0 |
| 006 |
a||||fr|||| 001||| |
| 007 |
ta |
| 008 |
015083t2010 ck aaaafr|||| 001|||spa|a |
| 020 |
|
|
|a 978-959-212-582-7
|
| 020 |
|
|
|a 978-959-212-583-4
|
| 040 |
|
|
|b spa
|a UCuenca-cdrjbv
|c Ucuenca
|e rda
|
| 041 |
0 |
|
|a spa
|
| 082 |
0 |
|
|a 615.1
|2 22
|c 202500
|
| 100 |
1 |
|
|a Francisco José Morón Rodríguez.
|e autor
|9 122219
|
| 245 |
|
|
|a Farmacología clínica.
|n Tomo 2 /
|c Francisco J. Morón Rodríguez
|
| 250 |
|
|
|a Primera edición
|
| 264 |
|
1 |
|a La Habana:
|b Ciencias Médicas,
|c 2010.
|
| 300 |
|
|
|a 280-634 páginas:
|b ilu
|c 28 cm
|
| 336 |
|
|
|2 rdacontent
|a texto
|b txt
|
| 337 |
|
|
|2 rdamedia
|a no mediado
|b n
|
| 338 |
|
|
|2 rdacarrier
|a volumen
|b nc
|
| 504 |
|
|
|a incl. ref.
|
| 650 |
1 |
7 |
|a Farmacología
|9 3025
|
| 650 |
1 |
7 |
|a Medicina
|9 2322
|
| 852 |
|
|
|a UC-SALUD
|f Donación
|l 1
|m General
|p 20150831
|q 1.00
|r 2
|t 202500
|v med
|w Medicina y Cirugía
|y 000000
|b 0
|d CDRS
|e CDRS
|g 615.1 ESTANTERIA ABIERTA
|z 2015-50-83
|
| 942 |
|
|
|c BK
|0 3
|2 ddc
|r daniel.carrión@ucuenca.edu.ec
|
| 999 |
|
|
|c 152287
|d 152287
|